Decision making in organizations: the new paradigm (Record no. 45762)

000 -LEADER
fixed length control field 01011pab a2200169 454500
008 - FIXED-LENGTH DATA ELEMENTS--GENERAL INFORMATION
fixed length control field 180718b2000 xxu||||| |||| 00| 0 eng d
100 ## - MAIN ENTRY--PERSONAL NAME
Personal name Goldoff, Anna C.
245 ## - TITLE STATEMENT
Title Decision making in organizations: the new paradigm
260 ## - PUBLICATION, DISTRIBUTION, ETC.
Date of publication, distribution, etc. 2000
300 ## - PHYSICAL DESCRIPTION
Extent p.2014-044
362 ## - DATES OF PUBLICATION AND/OR SEQUENTIAL DESIGNATION
Dates of publication and/or sequential designation Nov
520 ## - SUMMARY, ETC.
Summary, etc. Decision-making is ever present in all forms of organized human activity. Decisions range from the simple to the complex within large organizations, whether in the nonprofit, public or private sectors. Throughout human history, man has sought to control the results of his decisions, to quantify them, to increase their predictability and to reduce their risks. Three current areas of decision making: risk assessment, chaos theory and strategic management are analyzed in this article. Their interconnectedness and potential as a "new paradigm" is its focus. - Reproduced
650 ## - SUBJECT ADDED ENTRY--TOPICAL TERM
Topical term or geographic name entry element Organizations
650 ## - SUBJECT ADDED ENTRY--TOPICAL TERM
Topical term or geographic name entry element Decision making
773 ## - HOST ITEM ENTRY
Main entry heading International Journal of Public Administration
909 ## -
-- 45762
Holdings
Withdrawn status Lost status Damaged status Not for loan Permanent Location Current Location Date acquired Serial Enumeration / chronology Barcode Date last seen Price effective from Koha item type
        Indian Institute of Public Administration Indian Institute of Public Administration 2018-07-19 Volume no: 23, Issue no: 11 AR46186 2018-07-19 2018-07-19 Articles

Powered by Koha